Manual de usuario operación y mantenimiento sistemas de biodigestión bono fijo Nicaragüense

Bibliographic Details
Main Author:  Programa de gestión rural empresarial sanidad y ambiental.
Format: Section = Libro
Language:Undetermined
Spanish
Published: NICARAGUA [s.e] 2015
Subjects:
LEADER 00603nam a2200193Ia 4500
008 241007s9999||||xx |||||||||||||| ||und||
040 |a BIBLIOTECA-RURC/ 665.776 N583 
041 |a spa 
082 |a 665.776 N583 
100 1 |a  Programa de gestión rural empresarial sanidad y ambiental. 
245 1 0 |a Manual de usuario operación y mantenimiento sistemas de biodigestión bono fijo Nicaragüense 
260 |a NICARAGUA  |b [s.e]  |c 2015 
300 |a 25 p. :il. 
650 7 |a BIODIGESTORES 
650 7 |b  RESIDUOS ORGANICOS 
650 7 |c  BIOGAS-PRODUCIÓN 
942 |c BK  |2 ddc 
991 |a TEXTO 
999 |c 14573